1940 March Madness Teams - Statistics

General Stats
  • This quiz has been taken 7 times
  • The average score is 4 of 8
Answer Stats
Place in Tourney Team % Correct
Runner-Up Kansas
80%
Eliminated Western Kentucky
80%
Winner Indiana
60%
Eliminated USC
60%
Fourth Place Colorado
20%
Eliminated Duquense
20%
Third Place Rice
20%
Eliminated Springfield
20%
No matching quizzes found
Score Distribution
Percent of People with Each Score
Percentile by Number Answered
Your Score History
You have not taken this quiz